000 01700nam a22001577a 4500
999 _c514581
_d514581
008 201120b ||||| |||| 00| 0 eng d
100 _aHensmans, Manuel and Bommel, Koen Van.
_921148
245 _aBrexit , the NHS and the double-edged sword of populism: Contributor to agnostic democracy or vehicle of ressentiment?
260 _aOrganization
300 _a27(3), May, 2020: p.370-384
520 _aIn this paper we argue that mature political democracies require an agonistic form of populism in order to function. Agonistic populism counters technocratic apathy and instrumental reductionism and provides democracies with discursive legitimacy for the expression of antagonisms. We draw on the exemplary case of Brexit to show how the long-term suppression of English populism by an all-conquering British imperial discourse, and the hegemony of technocratic solutions in Europe, transformed populism’s potentially virtuous agonistic effects into an often anachronistic, toxic and ill-directed ressentiment against the European Union. We call upon management scholars to focus on how popular ressentiment can be used as a force for good in two ways: (1) by contributing agonistically to an alternative, emotionally founded discourse about England, the European Union and a new popular civilizational project that could bind them; and (2) by inducing the creation of collective moral categories embraced across the elite/non-elite divide in the image of the post-World War II National Health Service.- Reproduced
650 _aAgonism, Antagonism, Brexit, Chantal mouffe, Ernesto laclau, NHS, Populism, Ressentiment
_919340
773 _aOrganization
906 _aBREXIT
942 _cAR